Implementation of wood science in woodworking sector : 30th International Conference on Wood Science and Technology - ICWST 2019 & 70th Anniversary of Drvna industrija Journal, Zagreb, 12th - 13th December 2019

Salvato in:
Dettagli Bibliografici
Ente Autore: International Conference on Wood Science and Technology Zagreb, Croatia
Natura: Atti del Convegno Libro
Pubblicazione: Zagreb : University of Zagreb, Croatia, 2020
Edizione:1. vyd.
Tags: Aggiungi Tag
Nessun Tag, puoi essere il primo ad aggiungerne!!

MARC

LEADER 00000nam a22000003a 4500
001 0082098
003 SK-STU
005 20200629100935.2
007 ta
008 200629s ----xo-----e------100-0-----d
020 |a 978-953-292-062-8 
040 |a STU  |b slo 
111 2 |a International Conference on Wood Science and Technology  |n 30th  |d 12. - 13.12.2019 :  |c Zagreb, Croatia 
245 1 0 |a Implementation of wood science in woodworking sector :  |b 30th International Conference on Wood Science and Technology - ICWST 2019 & 70th Anniversary of Drvna industrija Journal, Zagreb, 12th - 13th December 2019 
250 |a 1. vyd. 
260 |a Zagreb :  |b University of Zagreb, Croatia,  |c 2020 
300 |a 268 s. 
996 |b 284M088376  |c M* Z-4476  |l MMKN  |s A  |a 24  |w 0082098_0001